Film Stars And Their Films 2 - Statistics

General Stats
  • This quiz has been taken 36 times
  • The average score is 12 of 15
Answer Stats
Question Answer % Correct
Javier Bardem Being The Ricardos
100%
Paul Newman Cool Hand Luke
100%
Julia Roberts Eat, Pray, Love
100%
Halle Berry Gothika
100%
Jane Fonda Klute
100%
Casey Affleck Manchester By The Sea
100%
Dustin Hoffman Midnight Cowboy
100%
Marilyn Monroe Bus Stop
83%
Bette Davis Hush Hush Sweet Charlotte
83%
Tony Curtis The Boston Strangler
83%
Rod Steiger Waterloo
83%
Phil Silvers Carry On Follow That Camel
50%
Bing Crosby Holiday Inn
50%
Shirley Jones Carousel
33%
Daniel Craig Fateless
17%
No matching quizzes found
Score Distribution
Percent of People with Each Score
Percentile by Number Answered
Your Score History
You have not taken this quiz